书目信息 |
| 题名: |
报告文学论集
|
|
| 作者: | 周国华 , 陈进波 编 | |
| 分册: | ||
| 出版信息: | 北京 新华出版社 1985 |
|
| 页数: | 639页 | |
| 开本: | 19cm | |
| 丛书名: | ||
| 单 册: | ||
| 中图分类: | I055 | |
| 科图分类: | ||
| 主题词: | 文学理论--各体 , 创作方法--各体 | |
| 电子资源: | ||
| ISBN: | ||
| 000 | 00693nam0 2200265 45 | |
| 001 | 0185006090 | |
| 005 | 20040428164858.6 | |
| 010 | @dCNY2.50 | |
| 091 | @a10203.159 | |
| 100 | @a19901105d1985 emky0chiy0121 ea | |
| 101 | 0 | @achi |
| 102 | @aCN@b110000 | |
| 105 | @ay zr 000zy | |
| 106 | @ar | |
| 200 | 10 | @a报告文学论集@Abao gao wen xue lun ji@f周国华, 陈进波编 |
| 210 | @a北京@c新华出版社@d1985 | |
| 215 | @a639页@d19cm | |
| 606 | 0 | @a文学理论@x各体 |
| 606 | 0 | @a创作方法@x各体 |
| 690 | @aI055 | |
| 701 | 0 | @a周国华@Azhou guo hua@4编 |
| 701 | 0 | @a陈进波@Achen jin bo@4编 |
| 801 | 0 | @aCN@b深圳图书馆@c20040428 |
| 801 | 2 | @aCN@bNLC@c20040428 |
| 905 | @f2@b149763-764@dI055@e50 | |
| 报告文学论集/周国华, 陈进波编.-北京:新华出版社,1985 |
| 639页;19cm |
| ISBN :CNY2.50 |
| ● |
| 相关链接 |
|
|
|
|
正题名:报告文学论集
索取号:I055/50
 
预约/预借
| 序号 | 登录号 | 条形码 | 馆藏地/架位号 | 状态 | 备注 |
| 1 | 0149763 | 000907914 | 密集书库/ [索取号:I055/50] | 在馆 | |
| 2 | 0149764 | 000907923 | 第二借阅区/ [索取号:I055/50] | 在馆 | |
| 3 | 0149765 | 202068788 | 第一样本阅览室/ [索取号:I055/50] | 在馆 |